header

Critical essays on Dagaaba rhetoric (Record no. 121788)

MARC details
000 -LEADER
fixed length control field 02245nam a2200409 a 4500
082 04 - DEWEY DECIMAL CLASSIFICATION NUMBER
Classification number 808/.049365
100 1# - MAIN ENTRY--AUTHOR NAME
Personal name Naaeke, Anthony Y.,
245 10 - TITLE STATEMENT
Title Critical essays on Dagaaba rhetoric
260 ## - PUBLICATION, DISTRIBUTION, ETC. (IMPRINT)
Place of publication New York :
Name of publisher Peter Lang,
Year of publication c2010.
300 ## - PHYSICAL DESCRIPTION
Number of Pages 118 p.
490 1# - SERIES STATEMENT
Series statement American university studies. Series VII, Theology and religion,
505 0# - FORMATTED CONTENTS NOTE
Formatted contents note The Dagaaba of Ghana -- The cultural relevance of myth: a reader-response analysis of the Bagre myth with reference to the role and place of women in the Dagaaba society -- African art and persuasion: the rhetoric of the bera among the Dagaaba of Ghana -- Consolatory rhetoric: persuasion in Dagaaba funeral rituals and symbolic action -- Dismantling fear and establishing ethos: missionary activity as persuasion -- Breaking the silence on domestic violence: communication for development in northwestern Ghana -- Liberating the "mistress" in Africa: the prophetic role of development communication.
650 #0 - SUBJECT ADDED ENTRY--TOPICAL TERM
Topical Term Rhetoric
Topical Term Dagaare language
Topical Term Discourse analysis, Narrative
Topical Term Communication in community development
Topical Term Dagaaba (African people)
Topical Term Dagaaba (African people)
856 40 - ELECTRONIC LOCATION AND ACCESS
Uniform Resource Identifier http://site.ebrary.com/lib/rucke/Doc?id=10517027

No items available.

© 2026 Rongo University
Contact us: librarian | system librarian | Rongo university